| 000 | 00517nam a2200193Ia 4500 | ||
|---|---|---|---|
| 003 | GCL | ||
| 008 | 140319s9999 xx 000 0 eng d | ||
| 040 |
_aGCL / _cGCL |
||
| 082 | 0 | 4 |
_a617 _bG S |
| 100 | 1 | _aOLD HOM, VEITH T | |
| 245 | 1 | 0 |
_aSURGEY: SCIENTIFIC PRINCIPLES AND PRACTICE / _cOLD HOM, VEITH T |
| 700 | 1 | _aCREENFIELD, LAZAR | |
| 700 | 1 | _aMULHOLL AND, MICHAEL W | |
| 260 |
_a[S.N] : _bJ. B LIPPINCOTT COMPANY ، _c1993 |
||
| 300 | _a2179 | ||
| 650 | 0 | 4 | _aSURGERY |
| 650 | 0 | 4 | _aMEDICINE |
| 942 |
_2ddc _cBK |
||
| 999 |
_c25694 _d25694 |
||